000 01922nam a2200349 c 4500
003 BLK
005 20180422102120.0
008 180408b bul|||||r ||||||| ||bul||
010 _aKNG00061690000
040 _aBLK
041 _aBUL
_cBUL
080 _aПсихофармакологични средства. Средства против неврози и психози. Транквилизатори(успокояващи);релаксанти(отпускащи);седативни(сънотворни, приспивателни);антидепресивни
_b615.214
_x
_z615.214
080 _aПсихиатрия. Патологична психология. Френопатии. Аутизъм (мед. аспекти). Психични(душевни) болести. Психози. Вж и 159.9; 612.82; 615.851; Съдебна психиатрия вж 340.6
_b616.89
_x
_z616.89
100 1 _aТемков, Иван Темков
_eпърви автор
_9369507
700 1 _aКиров, Кирил
_eсъавт.
_9367382
139 _aТемков, Иван Темков и др.
_bТ 47
245 1 0 _aКлинична психофармакология
_cИван Темков Темков; съавт. Кирил Киров.
250 _a2. осн. прераб. и доп. изд.
257 _aBGR
260 София
_bМедицина и физкултура
_c1976
300 _a539 с.
_c24 см
380 _a61
500 _a1. изд. 1969. - Библиогр. след разделите ; Азб. и предм. показалци
650 4 _aПсихични болести
_9253394
650 4 _aЛекарства - приложение в неврологията
_9287791
653 _aпсихофармакология
852 _aЦб 81106
856 4 _qpdf
_u
856 4 _qpdf
_u
942 _cKNG
_n0
944 _aCR
_c13.06.2004
_kЧиталня
944 _aED
_c07.10.2015
_kГеновева_Генчева
999 _c57683
_d57683